| 000 | 00719cam a2200241 a 4500 | ||
|---|---|---|---|
| 001 | 000005314 | ||
| 005 | 20200929151636.0 | ||
| 008 | 960520s2000 sp 001 f spa | ||
| 020 | _a8437614015 | ||
| 040 |
_aDO-SdBNP _bspa _cBNPHU |
||
| 082 |
_a863.64 _bS192r, 2000 |
||
| 100 | 1 |
_aSampedro, José Luis, _d1917- _915084 |
|
| 245 | 1 | 3 |
_aEl río que nos lleva / _cJosé Luis Sampedro ; edición, José Mas. |
| 250 | _a2a ed. | ||
| 260 |
_aMadrid : _bCátedra, _c2000. |
||
| 300 |
_a478 p. ; _c18 cm. |
||
| 440 | 0 |
_aLetras hispánicas ; _v407 _94208 |
|
| 650 | 4 |
_aNovela española _91123 |
|
| 650 | 4 |
_aLiteratura española _9632 |
|
| 700 | 1 |
_aMas, José, _eed. _915019 |
|
| 910 | _aCatalogación derivada | ||
| 910 | _aWM | ||
| 999 |
_c5115 _d5115 |
||